LEADER 00951nam0 2200289 450 001 000008332 005 20071003132128.0 010 $a978-88-420-6728-3 100 $a20071003d2007----km-y0itay50------ba 101 0 $aita 102 $aIT 105 $ay-------001yy 200 1 $a<>Stato moderno in Europa$eistituzioni e diritto$fa cura di Maurizio Fioravanti$gcontributi di Paolo Cappellini.. [et al.] 205 $a7. ed. 210 $aRoma$cLaterza$d2007 215 $aVIII, 245 p.$d21 cm 225 2 $aManuali Laterza$v171 410 0$12001$aManuali Laterza 610 1 $aStato$aConcetto$aEuropa$asec. 16.-20. 610 1 $aDiritti politici e civili$aConcezione$aEuropa$asec. 16.-20. 676 $a320.1094$v20 702 1$aFioravanti,$bMaurizio 801 0$aIT$bUNIPARTHENOPE$c20071003$gRICA$2UNIMARC 912 $a000008332 951 $a320-S/2$b39845$cNAVA1$d2007 996 $aStato moderno in Europa$9157505 997 $aUNIPARTHENOPE LEADER 00554oam 2200193z- 450 001 996279986603316 010 $a0-7695-5039-8 035 $a(CKB)3460000000126390 035 $a(EXLCZ)993460000000126390 100 $a20220628c2013uuuu -u- - 101 0 $aeng 200 00$a2013 13th International Conference on Quality Software 210 $cIEEE 311 $a1-4799-0500-3 517 $aQuality Software 906 $aPROCEEDING 912 $a996279986603316 996 $a2013 13th International Conference on Quality Software$92523397 997 $aUNISA